Errorless 24 Previous Years UPSC Civil Services IAS Prelims/ (Record no. 207595)

MARC details
000 -LEADER
fixed length control field 00716nam a22002057a 4500
005 - DATE AND TIME OF LATEST TRANSACTION
control field 20241211152205.0
010 ## - LCCN (DPL NO)
LC control number DEC24SC ENG-142979
020 ## - INTERNATIONAL STANDARD BOOK NUMBER
International Standard Book Number 9789355018649
Terms of availability 599
035 ## - SYSTEM CONTROL NUMBER
System control number EN-126511
037 ## - SOURCE OF ACQUISITION
Source of stock number/acquisition DBAD
082 ## - DEWEY DECIMAL CLASSIFICATION NUMBER
Classification number 000
Edition number 1
100 ## - MAIN ENTRY--PERSONAL NAME
Personal name Malhotra, Raj
245 ## - TITLE STATEMENT
Title Errorless 24 Previous Years UPSC Civil Services IAS Prelims/
Statement of responsibility, etc By Raj Malhotra
250 ## - EDITION STATEMENT
Edition statement 1
260 ## - PUBLICATION, DISTRIBUTION, ETC. (IMPRINT)
Place of publication, distribution, etc New Delhi
Name of publisher, distributor, etc S Chand and Company Limited
Date of publication, distribution, etc 2024
270 ## - ADDRESS
Address A-27, 2nd Floor, Mohan Co-operative Industrial Estate
City New Delhi
Postal code 110044
Electronic mail address info@schandpublishing.com
Telephone number 011-49731800
300 ## - PHYSICAL DESCRIPTION
Extent vpp.
Dimensions 26cm(pb)
500 ## - GENERAL NOTE
General note GS Paper 1 | 300+ Sub-Topics | 3460 MCQs
942 ## - ADDED ENTRY ELEMENTS (KOHA)
Source of classification or shelving scheme Dewey Decimal Classification
Item type English Books
Classification part 000
Call number suffix MAL
Edition 1
Holdings
Withdrawn status Lost status Not for loan Collection code Home library Current library Date acquired Source of acquisition Cost, normal purchase price Full call number Barcode Copy number Cost, replacement price Koha item type
      Non-fiction Central Library Central Library 11/12/2024 Delivery of Books Division 599.00 000 MAL EN-126511 1 599.00 English Books

© Delhi Public Library
Hit Counter
free hit counter